[Event "Wch U16 Girls"]
[Site "Maribor"]
[Date "2012.11.14"]
[Round "7.15"]
[White "Goli, Lasya"]
[Black "Navrotescu, Andreea Cristiana"]
[Result "1-0"]
[WhiteElo "1961"]
[BlackElo "2133"]
[PlyCount "47"]
[EventDate "2012.11.08"]
[EventType "swiss"]
[EventRounds "11"]
[EventCountry "SLO"]
[SourceTitle "EXT 2013"]
[Source "ChessBase"]
[SourceDate "2012.11.22"]
[SourceVersion "1"]
[SourceVersionDate "2012.11.22"]
[SourceQuality "1"]

1. e4 c5 2. Nf3 e6 3. g3 Nc6 4. d3 d5 5. Nbd2 Nf6 6. Bg2 Be7 7. 0-0 b5 8. Re1 Bb7 9. e5 Nd7 10. c4 bxc4 11. dxc4 d4 12. Ne4 h6 13. h4 Qb6 14. Bf4 a5 15. b3 0-0 16. Qd2 Rfb8 17. Bxh6 gxh6 18. Qxh6 Ncxe5 19. Nfg5 Nf8 20. Nf6+ Bxf6 21. Qxf6 Bxg2 22. Kxg2 Qc6+ 23. f3 a4 24. Rxe5 1-0

[Event "Wch U16 Girls"]
[Site "Maribor"]
[Date "2012.11.10"]
[Round "3.15"]
[White "Imnadze, Nato"]
[Black "Goli, Lasya"]
[Result "1/2-1/2"]
[WhiteElo "2070"]
[BlackElo "1961"]
[PlyCount "94"]
[EventDate "2012.11.08"]
[EventType "swiss"]
[EventRounds "11"]
[EventCountry "SLO"]
[SourceTitle "EXT 2013"]
[Source "ChessBase"]
[SourceDate "2012.11.22"]
[SourceVersion "1"]
[SourceVersionDate "2012.11.22"]
[SourceQuality "1"]

1. e4 c5 2. Nc3 Nc6 3. g3 g6 4. Bg2 Bg7 5. d3 d6 6. Be3 Nf6 7. h3 0-0 8. Nge2 Rb8 9. 0-0 Bd7 10. Qd2 b5 11. f4 Qc8 12. Kh2 b4 13. Nd1 h5 14. f5 Ne5 15. fxg6 fxg6 16. Ng1 Kh7 17. Bf4 Nf7 18. Nf3 e5 19. Ng5+ Nxg5 20. Bxg5 Be6 21. Ne3 Rb7 22. Rf2 Rbf7 23. Raf1 Kg8 24. Nd5 Bxd5 25. exd5 Nh7 26. Rxf7 Rxf7 27. Rxf7 Kxf7 28. Be4 Bf6 29. Be3 Qd8 30. Qf2 Kg7 31. h4 Be7 32. Bd2 Nf6 33. Kg2 Ng4 34. Qe2 Qf8 35. Bc1 Qf7 36. Bf3 Qf5 37. Be4 Qf7 38. Bd2 Qf8 39. Qe1 Kh7 40. Bf3 Nh6 41. Bg5 Bxg5 42. hxg5 Nf7 43. Qd2 Qd8 44. a3 bxa3 45. bxa3 Qd7 46. Qe2 Qd8 47. Be4 Kg7 1/2-1/2